000 00747nam a2200229Ia 4500
003 OSt
005 20250814160930.0
008 210716s2009 xx 000 0 und d
020 _a9780470406786
040 _cAIMIT LIBRARY
041 _aeng
082 _a374.22
_21
_bTAVJ
100 _aTavakoli, Janet M.
_9175676
245 _aDear mr buffett :
_bwhat an investor learns 1269 miles from wall street /
_cBy Janet Tavakoli.
250 _a1st ed.
260 _aNew Jersey :
_bJohn Willy & Sons,Inc ,
_c2009.
300 _axvi,282p. ;
_bPB
_c24 5 cm
650 _aLunch with warren
_9175677
650 _aDead man's curve
_9175678
650 _aThe prairie princes versus the princes of darkness
_9175679
942 _2ddc
_cBK
_e1st
_k374.22 TAVJ
999 _c207441
_d207441